[Event "Tierpark op 7th"]
[Site "Ueckermuende"]
[Date "2008.09.07"]
[Round "4.19"]
[White "Rehrmann, Willi"]
[Black "Schmidtke, Christian"]
[Result "1-0"]
[WhiteElo "1455"]
[BlackElo "1025"]
[PlyCount "45"]
[EventDate "2008.09.05"]
[EventType "swiss"]
[EventRounds "5"]
[EventCountry "GER"]
[SourceTitle "EXT 2023"]
[Source "ChessBase"]
[SourceDate "2022.10.05"]
[SourceVersion "1"]
[SourceVersionDate "2022.10.05"]
[SourceQuality "1"]

1. e4 e6 2. d4 d5 3. e5 c5 4. c3 Qb6 5. Nf3 Nc6 6. Qc2 cxd4 7. Bd3 Bd7 8. 0-0 Rc8 9. Qd1 dxc3 10. Nxc3 Nb4 11. Be3 Bc5 12. Bxc5 Rxc5 13. Rb1 Nxd3 14. Qxd3 Bb5 15. Nxb5 Rxb5 16. Qd4 Qxd4 17. Nxd4 Rc5 18. Rfc1 Rxc1+ 19. Rxc1 Kd8 20. Nb5 a6 21. Nd6 Ke7 22. Rc7+ Kd8 23. Rxb7 1-0